Ελληνική στενογραφία : κατά το σύστημα Gabelsberger-Μίνδλερ

Saved in:
Bibliographic Details
Main Author: Πλαγιάννης, Δημήτριος Ι.
Format: Book
Language:Greek
Published: Εν Αθήναις : Τύποις "Πυρσού" Α. Ε., 1931
Subjects:
Online Access:http://hdl.handle.net/11610/16548
Tags: Add Tag
No Tags, Be the first to tag this record!

MARC

LEADER 00000cam a2200000 i 4500
001 1/59250
008 141106s1931 gre d
035 |l 10119664 
040 |a GR-MY-UA  |b gre  |e aacr 
041 0 |a gre 
082 0 |a 653.4  |2 (23) 
100 1 |a Πλαγιάννης, Δημήτριος Ι. 
245 1 0 |a Ελληνική στενογραφία :  |b κατά το σύστημα Gabelsberger-Μίνδλερ /  |c Δημητρίου Ι. Πλαγιάννη 
260 |a Εν Αθήναις :   |b Τύποις "Πυρσού" Α. Ε.,   |c 1931 
300 |a 78 σ.;  |b εικ.;  |c 25 εκ. 
500 |a Υπάρχει ψηφιακό αντίγραφο.  
650 0 0 |a Shorthand  |x Gabelsberger. 
650 0 0 |a Stenographers. 
852 |a INST  |b SAMOS  |c PORFYRIADA  |e 20141106  |h 653.4 ΠΛΑ  |p 005300037142  |q 005300037142  |t NOLOAN  |y 23 
856 |u http://hdl.handle.net/11610/16548 
901 |a BIBL3-2014-3 
909 |a Σ  |b 185297 
970 |a ΣΙΤΖΙΜΗ  |b ΓΙΑΣΕΜΗ  |z 2014/11/06